Trekking, canyonning, b. jumping (Registo nº 10551)

Detalhes MARC
000 -Etiqueta do registo
Valores 00510nam a22002051i 4500
010 ## - Número ISBN
ISBN 9789727590698
090 ## -
-- 10551
100 ## - Dados gerais de processamento
Dados gerais 20170304u u u0frey50 ba
101 0# - Língua de publicação
-- por
200 1# - Titulo e menção de responsabilidade
Título próprio Trekking, canyonning, b. jumping
210 ## - Publicação
Nome do editor Temas e Debates
Local de publicação Lisboa
Data de publicação 1997
215 ## - Descrição física 
Paginação / Volumes 141, [3] p.
Outras indicações físicas il.
Dimensões 21 cm
225 2# - Colecção 
Título próprio da colecção Desporto de aventura
606 ## - Nome comum usado como assunto
ID Autoridade 1401
Palavra de ordem Desporto
675 ## - CDU
Notação 796.5
-- 1416
702 #1 - Autor secundário (pessoa individual)
Apelido Serrão
Nome Luís
-- 730
ID Autoridade 3290
801 ## - Fonte de origem
País PT
Regras de catalogação RPC
990 ## - Elementos KOHA
Tipo de documento Livro
994 ## - Estado da catalogação
-- COMP
Exemplares
Situação do levantamento Estado Biblioteca de origem Biblioteca de empréstimo Código de barras Cota Permissão de empréstimo Tipo de documento
  Completo Biblioteca Municipal de Viana Do Alentejo Biblioteca Municipal de Viana Do Alentejo 0014940 79 TRE Disponível Livro
  Completo Biblioteca Municipal de Viana Do Alentejo Pólo Alcáçovas Biblioteca Municipal de Viana Do Alentejo Pólo Alcáçovas 0003107AL 79 TRE Disponível Livro




Powered by Koha